000
00339nam a2200169Ia 4500
100
_a
Mantel/Samuel J
650
_a
Project Management
250
_a
2
942
_c
BK
366
_f
20
245
_a
Project Management:Core text book
260
_b
Wiley
_c
2014
082
_b
MAN
300
_a
346
546
_a
ENGLISH
999
_c
35488
_d
35488